[Event "Toronto Candidates Blitz op"]
[Site "Toronto"]
[Date "2024.04.08"]
[Round "4"]
[White "Bareev, Evgeny"]
[Black "Keleberda, Timur"]
[Result "1-0"]
[WhiteElo "2611"]
[BlackElo "2212"]
[PlyCount "131"]
[EventDate "2024.04.08"]
[EventType "swiss (blitz)"]
[EventRounds "9"]
[EventCountry "CAN"]
[SourceTitle "CB16_2024"]
[SourceDate "2024.04.17"]
[SourceVersion "1"]
[SourceVersionDate "2024.04.17"]
[SourceQuality "1"]

1. d4 Nf6 2. c4 e6 3. Nc3 Bb4 4. e3 b6 5. Nge2 Ne4 6. Bd2 Nxd2 7. Qxd2 Nc6 8. a3 Be7 9. Ng3 Bb7 10. Rd1 h5 11. d5 Ne5 12. f4 Ng4 13. h3 Bh4 14. hxg4 Bxg3+ 15. Ke2 e5 16. Ne4 exf4 17. exf4 Qe7 18. Qe3 Bxf4 19. Qxf4 0-0-0 20. Kd2 hxg4 21. Rxh8 Rxh8 22. Bd3 g6 23. d6 Qe6 24. dxc7 Bxe4 25. Qxe4 Kxc7 26. Qf4+ Kc8 27. Re1 Qc6 28. Qxg4 f5 29. Qf3 Qf6 30. Qa8+ Kc7 31. Qxa7+ Kc6 32. Qa4+ Kc7 33. Qb5 Qd4 34. Qe5+ Qxe5 35. Rxe5 Rh2 36. Re2 Kd6 37. b4 Rh1 38. Kc3 Ra1 39. Kb3 Rd1 40. Bc2 Rg1 41. a4 Kc6 42. Rd2 Re1 43. Bd1 Re3+ 44. Kb2 g5 45. Bf3+ Kc7 46. Bd5 f4 47. Bf3 Re6 48. Rd5 Rg6 49. Bg4 Rg7 50. Kc3 d6 51. Kd4 Rg6 52. Ke4 Rg7 53. Kf5 Re7 54. Kxg5 Re4 55. c5 dxc5 56. bxc5 Kc6 57. Rf5 Rxa4 58. Bf3+ Kc7 59. Rf7+ Kd8 60. cxb6 Rb4 61. Rb7 Kc8 62. Rc7+ Kd8 63. Rc6 Kd7 64. Rf6 Ke7 65. b7 Rb5+ 66. Rf5 1-0

[Event "Titled Tuesday intern op 02nd Apr Late"]
[Site "Chess.com INT"]
[Date "2024.04.02"]
[Round "1"]
[White "Keleberda, Timur"]
[Black "Alcazar Jimenez, Jesus Alberto"]
[Result "1-0"]
[WhiteElo "2212"]
[BlackElo "2147"]
[PlyCount "79"]
[EventDate "2024.04.02"]
[EventType "swiss (blitz)"]
[EventRounds "11"]
[EventCountry "USA"]
[SourceTitle "CB15_2024"]
[SourceDate "2024.04.10"]
[SourceVersion "1"]
[SourceVersionDate "2024.04.10"]
[SourceQuality "1"]

1. e4 c5 2. Nf3 e6 3. c3 d5 4. exd5 exd5 5. Bb5+ Nc6 6. 0-0 Nf6 7. Re1+ Be7 8. d4 0-0 9. dxc5 Bxc5 10. Bxc6 bxc6 11. Be3 Qb6 12. Bxc5 Qxc5 13. Nbd2 Bg4 14. h3 Bh5 15. Qc2 Rfe8 16. Nd4 Bg6 17. Qa4 Rec8 18. Re3 h6 19. Rae1 Qd6 20. N2b3 a6 21. Nf3 Ne4 22. c4 Rcb8 23. cxd5 cxd5 24. Rd1 Rb4 25. Qa3 Rd8 26. Rd4 Rxd4 27. Nbxd4 Qxa3 28. Rxa3 Rd6 29. Ne5 Kf8 30. Ra5 Ke7 31. Nec6+ Kf6 32. Rxa6 Nc5 33. Ra7 Nd3 34. b4 Be4 35. f3 Bg6 36. b5 Nc5 37. b6 Bd3 38. b7 Nxb7 39. Rxb7 Bc4 40. a4 1-0

[Event "Titled Tuesday intern op 02nd Apr Late"]
[Site "Chess.com INT"]
[Date "2024.04.02"]
[Round "3"]
[White "Keleberda, Timur"]
[Black "Drygalov, Andrey"]
[Result "1-0"]
[WhiteElo "2212"]
[BlackElo "2455"]
[PlyCount "117"]
[EventDate "2024.04.02"]
[EventType "swiss (blitz)"]
[EventRounds "11"]
[EventCountry "USA"]
[SourceTitle "CB15_2024"]
[SourceDate "2024.04.10"]
[SourceVersion "1"]
[SourceVersionDate "2024.04.10"]
[SourceQuality "1"]

1. e4 c5 2. Nf3 d6 3. c3 Nf6 4. h3 g6 5. Bd3 Bg7 6. Bc2 e5 7. d4 exd4 8. cxd4 cxd4 9. Nxd4 0-0 10. 0-0 Nc6 11. Nxc6 bxc6 12. Nc3 d5 13. exd5 Nxd5 14. Nxd5 cxd5 15. Qf3 Be6 16. Rd1 d4 17. Bd3 Qb6 18. b3 Rac8 19. Ba3 Rfd8 20. Be7 Rd7 21. Bf6 Rc3 22. Bxg7 Kxg7 23. Qf4 Qc5 24. h4 a5 25. Qb8 Bg4 26. f3 Be6 27. Qf4 h5 28. Kh2 Qd6 29. Qxd6 Rxd6 30. Kg3 Kf6 31. Kf4 a4 32. bxa4 Ra3 33. Bb5 d3 34. Rd2 Rd4+ 35. Ke3 Ke5 36. g3 Bf5 37. f4+ Kd5 38. Bc6+ Kc5 39. Rc1+ Rc4 40. Rxc4+ Kxc4 41. Bb5+ Kc5 42. Bxd3 Rxa4 43. Bxf5 gxf5 44. Kf2 Ra3 45. Kg2 Kc6 46. Kh3 Ra4 47. Re2 Ra5 48. Re5 Rxa2 49. Rxf5 Kd6 50. Rxh5 Ke6 51. Kg4 Ra4 52. Rb5 Kf6 53. h5 Ra6 54. Rb7 Kg7 55. Kg5 Rc6 56. f5 Kg8 57. f6 Rc8 58. Kh6 Rd8 59. g4 1-0

[Event "Titled Tuesday intern op 02nd Apr Late"]
[Site "Chess.com INT"]
[Date "2024.04.02"]
[Round "6"]
[White "Keleberda, Timur"]
[Black "Willy, Stephen"]
[Result "0-1"]
[WhiteElo "2212"]
[BlackElo "2046"]
[PlyCount "54"]
[EventDate "2024.04.02"]
[EventType "swiss (blitz)"]
[EventRounds "11"]
[EventCountry "USA"]
[SourceTitle "CB15_2024"]
[SourceDate "2024.04.10"]
[SourceVersion "1"]
[SourceVersionDate "2024.04.10"]
[SourceQuality "1"]

1. e4 e5 2. Nf3 Nc6 3. Bc4 Nf6 4. d4 exd4 5. e5 d5 6. Bb5 Ne4 7. Nxd4 Bc5 8. Be3 0-0 9. Nxc6 bxc6 10. Bxc5 Qg5 11. 0-0 Bg4 12. f3 Bh3 13. Qe2 Nxc5 14. Bxc6 Ne6 15. Qd2 Nf4 16. Rf2 Qxe5 17. Bxa8 Qxb2 18. Qxf4 Qxa1 19. Rf1 Rxa8 20. gxh3 Qxa2 21. Qxc7 Qa6 22. Nd2 h6 23. Qe5 Rc8 24. Qxd5 Rxc2 25. Rf2 Rc1+ 26. Kg2 Qg6+ 27. Qg5 Qxg5# 0-1

[Event "Titled Tuesday intern op 02nd Apr Late"]
[Site "Chess.com INT"]
[Date "2024.04.02"]
[Round "5"]
[White "Li, Di"]
[Black "Keleberda, Timur"]
[Result "1-0"]
[WhiteElo "2568"]
[BlackElo "2212"]
[PlyCount "57"]
[EventDate "2024.04.02"]
[EventType "swiss (blitz)"]
[EventRounds "11"]
[EventCountry "USA"]
[SourceTitle "CB15_2024"]
[SourceDate "2024.04.10"]
[SourceVersion "1"]
[SourceVersionDate "2024.04.10"]
[SourceQuality "1"]

1. e4 c5 2. Ne2 d6 3. g3 Nf6 4. Bg2 g6 5. 0-0 Bg7 6. c3 0-0 7. d4 e5 8. h3 cxd4 9. cxd4 Qe7 10. Nbc3 a6 11. Be3 b5 12. d5 Nbd7 13. Qd2 Ne8 14. Rac1 f5 15. b4 fxe4 16. Nxe4 Nef6 17. Ng5 Bb7 18. Rc7 Rfb8 19. Ne6 Ne8 20. Rc6 Bf6 21. Rfc1 Nf8 22. Ng5 Bxc6 23. dxc6 Nc7 24. Nc3 Bxg5 25. Bxg5 Qf7 26. Nd5 Rc8 27. Ne7+ Kh8 28. Qxd6 Qe6 29. Bf6+ 1-0

[Event "Canadian zt"]
[Site "Toronto"]
[Date "2024.03.28"]
[Round "3"]
[White "Keleberda, Timur"]
[Black "Joseph, Jonath"]
[Result "1-0"]
[WhiteElo "2235"]
[BlackElo "2151"]
[PlyCount "63"]
[EventDate "2024.03.27"]
[EventType "team-swiss"]
[EventRounds "10"]
[EventCountry "CAN"]
[SourceTitle "CB15_2024"]
[SourceDate "2024.04.10"]
[SourceVersion "1"]
[SourceVersionDate "2024.04.10"]
[SourceQuality "1"]

1. e4 e5 2. Nf3 Nc6 3. Bc4 Bc5 4. c3 Nf6 5. d4 exd4 6. e5 d5 7. Bb5 Ne4 8. cxd4 Bb6 9. Nc3 0-0 10. Be3 Bg4 11. h3 Bh5 12. Qc2 Bg6 13. Qb3 Ne7 14. 0-0 c6 15. Bd3 Rb8 16. Qc2 Nxc3 17. bxc3 Bc7 18. Ng5 h6 19. Bxg6 Nxg6 20. Nxf7 Rxf7 21. Qxg6 Qh4 22. f4 Rbf8 23. Rf3 Bd8 24. Raf1 Rf5 25. Rg3 R5f7 26. Rg4 Qe7 27. Qxh6 b5 28. Rf3 Qb7 29. Rfg3 c5 30. f5 cxd4 31. f6 Bxf6 32. exf6 1-0

[Event "Titled Tuesday intern op 12th Mar Early"]
[Site "Chess.com INT"]
[Date "2024.03.12"]
[Round "7"]
[White "Demchenko, Anton"]
[Black "Keleberda, Timur"]
[Result "1-0"]
[WhiteElo "2609"]
[BlackElo "2235"]
[PlyCount "155"]
[EventDate "2024.03.12"]
[EventType "swiss (blitz)"]
[EventRounds "11"]
[EventCountry "USA"]
[SourceTitle "CB12_2024"]
[SourceDate "2023.10.01"]
[SourceVersion "1"]
[SourceVersionDate "2023.10.01"]
[SourceQuality "1"]

1. e4 c5 2. Nf3 d6 3. d4 cxd4 4. Qxd4 a6 5. Be2 Nc6 6. Qe3 g6 7. 0-0 Bg7 8. Rd1 Bg4 9. Nbd2 Nf6 10. h3 Bxf3 11. Nxf3 Nd7 12. c3 0-0 13. Qf4 Nde5 14. Nh2 Qb6 15. Rb1 Rac8 16. Be3 Qc7 17. Qh4 Na5 18. Kh1 b5 19. f4 Nec4 20. Bg1 Nb7 21. b3 Na3 22. Rbc1 Bf6 23. Qg3 Nc5 24. Bf3 a5 25. Ng4 Bg7 26. Qh4 f5 27. exf5 gxf5 28. Ne3 e6 29. c4 Bb2 30. cxb5 Bxc1 31. Rxc1 Nxb5 32. Nc4 Nd3 33. Rd1 d5 34. Nb6 Qxf4 35. Qh5 Ne5 36. Nxc8 Rxc8 37. Be2 Ng6 38. Bxb5 Rc2 39. a4 Nh4 40. Qe8+ Kg7 41. Bd4+ Kh6 42. Qf8+ Kh5 43. Be8+ Ng6 44. Bxg6+ Kxg6 45. Qg8+ Kh5 46. Qxh7+ Qh6 47. Qf7+ Qg6 48. Qxg6+ Kxg6 49. Re1 Kf7 50. Rb1 Rd2 51. Bc3 Rc2 52. Bxa5 d4 53. Kg1 e5 54. Kf1 e4 55. Be1 Ke6 56. a5 Ra2 57. b4 Kd7 58. b5 Kc7 59. b6+ Kb7 60. h4 f4 61. h5 d3 62. h6 d2 63. Bxd2 Rxd2 64. h7 Rd8 65. Rb4 Rh8 66. Rxe4 Rxh7 67. Rxf4 Ka6 68. Rf5 Rd7 69. Kf2 Rd2+ 70. Kg1 Rd3 71. Kh2 Ra3 72. g3 Re3 73. Kh3 Re1 74. g4 Rg1 75. Kh4 Rh1+ 76. Kg5 Kb7 77. Kg6 Kc6 78. g5 1-0

[Event "Titled Tuesday intern op 23rd Jan Late"]
[Site "Chess.com INT"]
[Date "2024.01.23"]
[Round "4"]
[White "Goltsev, Dmitry"]
[Black "Keleberda, Timur"]
[Result "1-0"]
[WhiteElo "2215"]
[BlackElo "2227"]
[PlyCount "121"]
[EventDate "2024.01.23"]
[EventType "swiss (blitz)"]
[EventRounds "11"]
[EventCountry "USA"]
[SourceTitle "CB05_2024"]
[SourceDate "2024.01.31"]
[SourceVersion "1"]
[SourceVersionDate "2024.01.31"]
[SourceQuality "1"]

1. e4 c5 2. Nf3 d6 3. d4 cxd4 4. Nxd4 Nf6 5. Nc3 a6 6. Be2 e5 7. Nf5 d5 8. Bg5 d4 9. Bxf6 Qxf6 10. Nd5 Qd8 11. Bf3 g6 12. Nxd4 Bg7 13. Nb3 0-0 14. 0-0 Nc6 15. c3 f5 16. Qe2 Rf7 17. Rad1 f4 18. Nxf4 Qg5 19. Nd5 Bh3 20. Qe3 Qxe3 21. Nxe3 Rxf3 22. gxf3 Bxf1 23. Kxf1 Rd8 24. Rxd8+ Nxd8 25. Ke2 Kf7 26. Nc4 Ke6 27. Nc5+ Ke7 28. Kd3 Bh6 29. h3 Bf4 30. b4 Bh2 31. a4 Bf4 32. a5 Bh2 33. Ke2 Bf4 34. Nd3 Ne6 35. Ndxe5 Bxe5 36. Nxe5 Nc7 37. Nd3 Kd6 38. c4 Ne6 39. Ke3 Ng5 40. h4 Ne6 41. e5+ Kc6 42. f4 Ng7 43. Ke4 Nf5 44. h5 Ne7 45. hxg6 hxg6 46. Nc5 b6 47. Nb3 bxa5 48. Nxa5+ Kb6 49. e6 Nc8 50. Ke5 Kc7 51. Kf6 Kd6 52. Nb7+ Kc7 53. Nc5 Kc6 54. Kxg6 Kd6 55. Kf7 Nb6 56. e7 Nxc4 57. e8Q Kd5 58. Qe4+ Kd6 59. Qd4+ Kc6 60. Qd7+ Kb6 61. Qb7# 1-0

[Event "Titled Tuesday intern op 23rd Jan Late"]
[Site "Chess.com INT"]
[Date "2024.01.23"]
[Round "1"]
[White "Keleberda, Timur"]
[Black "Ottosen, David"]
[Result "1-0"]
[WhiteElo "2227"]
[BlackElo "2067"]
[PlyCount "49"]
[EventDate "2024.01.23"]
[EventType "swiss (blitz)"]
[EventRounds "11"]
[EventCountry "USA"]
[SourceTitle "CB05_2024"]
[SourceDate "2024.01.31"]
[SourceVersion "1"]
[SourceVersionDate "2024.01.31"]
[SourceQuality "1"]

1. c4 e5 2. g3 Nf6 3. Bg2 d5 4. cxd5 Nxd5 5. Nc3 Nb6 6. Nf3 Nc6 7. 0-0 Be7 8. d3 g5 9. Be3 g4 10. Nd2 h5 11. Nc4 Be6 12. Qc2 Nd5 13. Nxd5 Bxd5 14. f3 h4 15. fxg4 hxg3 16. hxg3 Bxg2 17. Kxg2 Qd5+ 18. Rf3 0-0-0 19. Nd2 Rdg8 20. Ne4 Rxg4 21. Rc1 Kb8 22. Qc4 Qxc4 23. Rxc4 f6 24. Nxf6 Bxf6 25. Rxg4 1-0

[Event "Calgary 14th"]
[Site "Calgary"]
[Date "2023.12.27"]
[Round "2"]
[White "Doknjas, Neil"]
[Black "Keleberda, Timur"]
[Result "0-1"]
[WhiteElo "2254"]
[BlackElo "2227"]
[PlyCount "84"]
[EventDate "2023.12.26"]
[EventType "swiss"]
[EventRounds "9"]
[EventCountry "CAN"]
[SourceTitle "CB02_2024"]
[SourceDate "2024.01.10"]
[SourceVersion "1"]
[SourceVersionDate "2024.01.10"]
[SourceQuality "1"]

1. e4 c5 2. Nc3 d6 3. d4 cxd4 4. Qxd4 Nc6 5. Qd2 Nf6 6. b3 e6 7. Bb2 Be7 8. 0-0-0 a6 9. f4 b5 10. g4 b4 11. g5 bxc3 12. Qxc3 Bb7 13. gxf6 Bxf6 14. Qd2 Bxb2+ 15. Kxb2 0-0 16. Ne2 Qh4 17. Nc3 Rfd8 18. Rg1 Rac8 19. Rg5 Ne7 20. Bg2 Ng6 21. Rf1 e5 22. f5 Nf4 23. Rg3 Qxh2 24. Qf2 Qh6 25. Rh1 Qf6 26. Qb6 Rd7 27. Bf1 g6 28. Bxa6 Bxa6 29. Qxa6 Rdc7 30. Rh2 h5 31. fxg6 fxg6 32. Rd2 Rc6 33. Qf1 Rxc3 34. Rxc3 Rxc3 35. Qa6 Rc7 36. Rxd6 Qf7 37. b4 Kg7 38. b5 Ra7 39. Qc6 Qxa2+ 40. Kc1 Qa3+ 41. Kd2 Qb4+ 42. c3 Qb2+ 0-1

[Event "Titled Tuesday intern op 14th Nov Early"]
[Site "Chess.com INT"]
[Date "2023.11.14"]
[Round "3"]
[White "Keleberda, Timur"]
[Black "Akkarakaran, John Veny"]
[Result "0-1"]
[WhiteElo "2224"]
[BlackElo "2112"]
[PlyCount "106"]
[EventDate "2023.11.14"]
[EventType "swiss (blitz)"]
[EventRounds "11"]
[EventCountry "USA"]
[SourceTitle "CB47_2023"]
[SourceDate "2023.11.22"]
[SourceVersion "1"]
[SourceVersionDate "2023.11.22"]
[SourceQuality "1"]

1. e4 e6 2. d4 d5 3. Nc3 Nf6 4. e5 Nfd7 5. f4 c5 6. Nf3 Nc6 7. Ne2 Be7 8. c3 0-0 9. g3 f6 10. Bh3 Kh8 11. exf6 Nxf6 12. 0-0 Bd7 13. Be3 Ne4 14. dxc5 Nxc5 15. Ned4 Nxd4 16. Bxd4 Ne4 17. Ne5 Bf6 18. Qh5 Kg8 19. Rae1 Qe7 20. Qg4 Rae8 21. Nxd7 Qxd7 22. Bxf6 Rxf6 23. Bg2 Nc5 24. Qh5 Rd8 25. Qe5 Nd3 26. Qe3 Nxe1 27. Rxe1 a6 28. Qd4 Qd6 29. Bh3 Re8 30. Re5 Kf8 31. Bg2 Rf7 32. Kh1 Rc7 33. Qe3 Qc5 34. Qe2 Qb5 35. Qd2 g6 36. h4 Qc5 37. Qe2 Qc6 38. Kh2 Rf7 39. h5 Rf5 40. hxg6 hxg6 41. Re3 Kg7 42. Qg4 Rh8+ 43. Kg1 Qb6 44. Kf2 Rh2 45. Kf3 Rxg2 46. Kxg2 Qxe3 47. Qd1 Qe4+ 48. Kh3 Rh5+ 49. Kg4 Qf5+ 50. Kf3 Qe4+ 51. Kg4 Rh2 52. Qb3 Qe2+ 53. Kg5 Qh5# 0-1

[Event "Titled Tuesday intern op 26th Sep Late"]
[Site "Chess.com INT"]
[Date "2023.09.26"]
[Round "3"]
[White "Keleberda, Timur"]
[Black "Mitrabha, Guha"]
[Result "0-1"]
[WhiteElo "2245"]
[BlackElo "2515"]
[PlyCount "86"]
[EventDate "2023.09.26"]
[EventType "swiss (blitz)"]
[EventRounds "11"]
[EventCountry "USA"]
[SourceTitle "EXT 2024"]
[Source "ChessBase"]
[SourceDate "2023.10.10"]
[SourceVersion "1"]
[SourceVersionDate "2023.10.10"]
[SourceQuality "1"]

1. e4 c6 2. d4 d5 3. e5 Bf5 4. h4 h5 5. Bd3 Bxd3 6. Qxd3 Qa5+ 7. Nd2 e6 8. Ngf3 Ne7 9. 0-0 Nf5 10. c4 Be7 11. cxd5 Qxd5 12. g3 Nd7 13. Ne4 0-0 14. Nc3 Qa5 15. Bg5 Bxg5 16. hxg5 g6 17. a3 Rad8 18. b4 Nxe5 19. bxa5 Nxd3 20. Rab1 c5 21. Rxb7 cxd4 22. Ne4 Nd6 23. Nf6+ Kg7 24. Rxa7 Nf5 25. Rd1 Nb2 26. Rd2 Nc4 27. Rd3 e5 28. a6 Rb8 29. Rc7 Rb1+ 30. Kg2 Rc1 31. Nd5 e4 32. a7 exd3 33. Rb7 Ra8 34. Nc7 Nfd6 35. Nxa8 Nxb7 36. a4 Ra1 37. Nd2 Rxa4 38. Nxc4 Rxa7 39. Nab6 Ra2 40. Kf3 Nc5 41. Nd5 d2 42. Ke2 d3+ 43. Kd1 Ne4 0-1

[Event "Titled Tuesday intern op 19th Sep Early"]
[Site "Chess.com INT"]
[Date "2023.09.19"]
[Round "9"]
[White "Keleberda, Timur"]
[Black "Fiorito, Joaquin"]
[Result "0-1"]
[WhiteElo "2245"]
[BlackElo "2399"]
[PlyCount "52"]
[EventDate "2023.09.19"]
[EventType "swiss (blitz)"]
[EventRounds "11"]
[EventCountry "USA"]
[SourceTitle "EXT 2024"]
[Source "ChessBase"]
[SourceDate "2023.10.10"]
[SourceVersion "1"]
[SourceVersionDate "2023.10.10"]
[SourceQuality "1"]

1. e4 c6 2. d4 d5 3. e5 Bf5 4. h4 h5 5. Bd3 Bxd3 6. Qxd3 Qa5+ 7. Nd2 e6 8. Ngf3 Nh6 9. c4 Nf5 10. 0-0 Be7 11. g3 0-0 12. b3 Rd8 13. Bb2 c5 14. cxd5 Rxd5 15. Rad1 Nc6 16. Nc4 Qa6 17. Qe4 cxd4 18. Ne3 dxe3 19. Rxd5 exf2+ 20. Kg2 Qxf1+ 21. Kxf1 Nxg3+ 22. Kg2 f1Q+ 23. Kxg3 exd5 24. Qf5 g6 25. Qf4 d4 26. e6 Rf8 0-1

[Event "Titled Tuesday intern op 19th Sep Late"]
[Site "Chess.com INT"]
[Date "2023.09.19"]
[Round "4"]
[White "Keleberda, Timur"]
[Black "Renjith, Sravan"]
[Result "0-1"]
[WhiteElo "2245"]
[BlackElo "2131"]
[PlyCount "140"]
[EventDate "2023.09.19"]
[EventType "swiss (blitz)"]
[EventRounds "11"]
[EventCountry "USA"]
[SourceTitle "EXT 2024"]
[Source "ChessBase"]
[SourceDate "2023.10.10"]
[SourceVersion "1"]
[SourceVersionDate "2023.10.10"]
[SourceQuality "1"]

1. e4 e5 2. Nf3 Nc6 3. Bc4 Nge7 4. c3 d5 5. exd5 Nxd5 6. 0-0 Be7 7. Re1 0-0 8. Nxe5 Nxe5 9. Rxe5 Nf6 10. d4 Bd6 11. Re1 Ng4 12. g3 Qf6 13. Be3 Re8 14. Nd2 Rxe3 15. f3 Rxe1+ 16. Qxe1 Nh6 17. Qe8+ Bf8 18. Re1 Qc6 19. Qd8 Qd7 20. Qg5 c6 21. Ne4 Qe7 22. Qf4 Bd7 23. g4 Re8 24. g5 Nf5 25. Nf6+ Qxf6 26. gxf6 Rxe1+ 27. Kf2 Bd6 28. Qg5 Rh1 29. fxg7 Rxh2+ 30. Kg1 Be7 31. Qf4 Rh6 32. Qb8+ Kxg7 33. Qxb7 Rg6+ 34. Kf1 Ne3+ 35. Ke2 Nxc4 36. Qxd7 Nxb2 37. f4 Rd6 38. Qc7 Re6+ 39. Kf3 Nc4 40. f5 Re3+ 41. Kf2 Bd6 42. Qxc6 Bg3+ 43. Kg2 Nd2 44. f6+ Kg6 45. Qd5 Bf4 46. Qd8 Re2+ 47. Kh3 h5 48. Qg8+ Kf5 49. Qh7+ Ke6 50. d5+ Kd6 51. Qxh5 Rh2+ 52. Kg4 Rxh5 53. Kxh5 Be5 54. Kg4 Kxd5 55. Kf5 Bxc3 56. Kf4 Bxf6 57. Ke3 Ne4 58. Kf4 Be5+ 59. Kf5 Nd6+ 60. Kg4 f5+ 61. Kf3 Kd4 62. Ke2 Ke4 63. Kf2 f4 64. Ke2 Bd4 65. Kf1 f3 66. Ke1 Nf5 67. a3 Ke3 68. a4 f2+ 69. Kf1 Kf3 70. a5 Ng3# 0-1

[Event "Titled Tuesday intern op 19th Sep Early"]
[Site "Chess.com INT"]
[Date "2023.09.19"]
[Round "4"]
[White "Keleberda, Timur"]
[Black "Vila Dupla, Aurelio"]
[Result "1-0"]
[WhiteElo "2245"]
[BlackElo "2030"]
[PlyCount "85"]
[EventDate "2023.09.19"]
[EventType "swiss (blitz)"]
[EventRounds "11"]
[EventCountry "USA"]
[SourceTitle "EXT 2024"]
[Source "ChessBase"]
[SourceDate "2023.10.10"]
[SourceVersion "1"]
[SourceVersionDate "2023.10.10"]
[SourceQuality "1"]

1. e4 c5 2. Nf3 d6 3. Bb5+ Nd7 4. c3 a6 5. Ba4 Ngf6 6. Qe2 b5 7. Bc2 Ne5 8. d4 Nxf3+ 9. Qxf3 Bb7 10. d5 g6 11. 0-0 Bg7 12. Bf4 Nd7 13. Nd2 0-0 14. Qe3 Re8 15. Bh6 Bh8 16. Rad1 e6 17. dxe6 Rxe6 18. Nf3 Ne5 19. Ng5 Ng4 20. Qf4 Nxh6 21. Nxe6 fxe6 22. Qxh6 Qe7 23. a4 b4 24. Qh3 bxc3 25. bxc3 Rf8 26. Bb3 Bc8 27. Rd3 Be5 28. f4 Rxf4 29. Rxf4 Bxf4 30. Qf3 Be5 31. Bc4 Kg7 32. Rd1 Bb7 33. Qg4 Bxc3 34. Bxe6 Bd4+ 35. Kh1 Bc6 36. Rf1 Bf6 37. Bd5 Be8 38. Qd1 Be5 39. Qb3 Qh4 40. g3 Qh3 41. Qf3 Kh6 42. Qf8+ Kg5 43. Rf4 1-0

[Event "Titled Tuesday intern op 19th Sep Early"]
[Site "Chess.com INT"]
[Date "2023.09.19"]
[Round "8"]
[White "Player, Edmund C"]
[Black "Keleberda, Timur"]
[Result "0-1"]
[WhiteElo "2199"]
[BlackElo "2245"]
[PlyCount "52"]
[EventDate "2023.09.19"]
[EventType "swiss (blitz)"]
[EventRounds "11"]
[EventCountry "USA"]
[SourceTitle "EXT 2024"]
[Source "ChessBase"]
[SourceDate "2023.10.10"]
[SourceVersion "1"]
[SourceVersionDate "2023.10.10"]
[SourceQuality "1"]

1. e4 c5 2. Nf3 d6 3. d4 cxd4 4. Nxd4 Nf6 5. Nc3 a6 6. h3 e5 7. Nde2 h5 8. g3 Nbd7 9. Bg2 b5 10. Be3 Bb7 11. 0-0 h4 12. g4 Be7 13. a4 b4 14. Nd5 Bxd5 15. exd5 a5 16. f4 exf4 17. Bxf4 0-0 18. Nd4 Ne5 19. Kh1 Rc8 20. Bxe5 dxe5 21. Nc6 Qc7 22. g5 Nh7 23. Qh5 Bxg5 24. Be4 g6 25. Bxg6 fxg6 26. Qxg6+ Kh8 0-1

[Event "Titled Tuesday intern op 19th Sep Late"]
[Site "Chess.com INT"]
[Date "2023.09.19"]
[Round "5"]
[White "Yelisieiev, Yevhenii"]
[Black "Keleberda, Timur"]
[Result "0-1"]
[WhiteElo "2411"]
[BlackElo "2245"]
[PlyCount "178"]
[EventDate "2023.09.19"]
[EventType "swiss (blitz)"]
[EventRounds "11"]
[EventCountry "USA"]
[SourceTitle "EXT 2024"]
[Source "ChessBase"]
[SourceDate "2023.10.10"]
[SourceVersion "1"]
[SourceVersionDate "2023.10.10"]
[SourceQuality "1"]

1. d4 Nf6 2. Nf3 e6 3. c4 d5 4. Nc3 Be7 5. Bg5 Nbd7 6. e3 0-0 7. Qc2 h6 8. Bh4 a6 9. cxd5 exd5 10. Bd3 c6 11. 0-0 Re8 12. Rab1 Ne4 13. Bxe7 Qxe7 14. Bxe4 dxe4 15. Nd2 Nf6 16. b4 Bf5 17. Nc4 Rad8 18. Ne5 Nd7 19. Nxd7 Bxd7 20. Ne2 Qh4 21. Ng3 Be6 22. a4 Bd5 23. b5 axb5 24. axb5 Qg5 25. bxc6 bxc6 26. Qe2 Rd6 27. Qh5 Qd8 28. Ne2 Rg6 29. Nf4 Rg5 30. Qh3 Qd6 31. Rb7 f5 32. Rfb1 Kh7 33. g3 Ra8 34. Qf1 Ra2 35. R1b2 Qa3 36. Rxa2 Qxa2 37. Rd7 Qb3 38. h4 Rg4 39. Nh5 Kh8 40. Qa6 Qd1+ 41. Kh2 Bg8 42. Nf4 Qf3 43. Qe2 Rxf4 44. Qxf3 Rxf3 45. Kg2 Bd5 46. h5 f4 47. gxf4 Kh7 48. Rc7 Kg8 49. Ra7 Bf7 50. Rc7 Bd5 51. Ra7 Kh7 52. Rc7 Kh8 53. Ra7 Kg8 54. Rc7 Kf8 55. Ra7 Bf7 56. Rc7 Bxh5 57. Rxc6 Bg4 58. Rc7 Rh3 59. d5 Rh5 60. Kg3 Bf3 61. Rd7 g5 62. f5 g4 63. f6 Rf5 64. Rd6 h5 65. Kh4 Kf7 66. Ra6 Rxd5 67. Ra7+ Kxf6 68. Ra6+ Ke7 69. Ra7+ Ke6 70. Ra6+ Rd6 71. Ra5 Rd2 72. Kg3 h4+ 73. Kxh4 Rxf2 74. Kg3 Re2 75. Kf4 Kd6 76. Rg5 Kc6 77. Rg6+ Kc5 78. Rg8 Kc4 79. Rd8 Kc3 80. Rd7 Rd2 81. Rc7+ Kd3 82. Ra7 Ke2 83. Ra3 Kf2 84. Rb3 g3 85. Rb1 g2 86. Ra1 g1Q 87. Rxg1 Kxg1 88. Kg3 Rg2+ 89. Kf4 Kf2 0-1

[Event "Titled Tuesday intern op 12th Sep Late"]
[Site "Chess.com INT"]
[Date "2023.09.12"]
[Round "2"]
[White "Chigaev, Maksim"]
[Black "Keleberda, Timur"]
[Result "1-0"]
[WhiteElo "2615"]
[BlackElo "2245"]
[PlyCount "99"]
[EventDate "2023.09.12"]
[EventType "swiss (blitz)"]
[EventRounds "11"]
[EventCountry "USA"]
[SourceTitle "EXT 2024"]
[Source "ChessBase"]
[SourceDate "2023.10.10"]
[SourceVersion "1"]
[SourceVersionDate "2023.10.10"]
[SourceQuality "1"]

1. Nf3 Nf6 2. c4 e6 3. g3 d5 4. Bg2 dxc4 5. 0-0 a6 6. Qc2 Nbd7 7. a4 Nd5 8. Qxc4 b5 9. Qc2 Bb7 10. d3 c5 11. Nc3 Qb6 12. Qb3 c4 13. dxc4 Nc5 14. Nxd5 Bxd5 15. Qc2 bxc4 16. Be3 Qb7 17. Nh4 Bxg2 18. Nxg2 Rc8 19. Nf4 Nb3 20. Rad1 Be7 21. Nh5 0-0 22. Qc3 f6 23. Nf4 Bb4 24. Qc2 Rfe8 25. h4 Na5 26. h5 c3 27. bxc3 Rxc3 28. Qb1 Rb3 29. Qc2 Rc8 30. Qa2 Kf7 31. Rb1 Bd6 32. Bd2 Rb8 33. Bxa5 Rxb1 34. Qxe6+ Kf8 35. Qxd6+ Kg8 36. Rxb1 Qxb1+ 37. Kg2 Qe4+ 38. f3 Qe8 39. h6 Rb2 40. Bb6 gxh6 41. Qxf6 Rb4 42. Bd4 Qf8 43. Qh8+ Kf7 44. Qxh7+ Ke8 45. Qe4+ Qe7 46. Qxe7+ Kxe7 47. Bc5+ Kd7 48. Bxb4 Kc6 49. a5 Kb5 50. Be1 1-0

[Event "Titled Tuesday intern op 12th Sep Late"]
[Site "Chess.com INT"]
[Date "2023.09.12"]
[Round "1"]
[White "Keleberda, Timur"]
[Black "De Souza, Arthur Olintho"]
[Result "1-0"]
[WhiteElo "2245"]
[BlackElo "2113"]
[PlyCount "53"]
[EventDate "2023.09.12"]
[EventType "swiss (blitz)"]
[EventRounds "11"]
[EventCountry "USA"]
[SourceTitle "EXT 2024"]
[Source "ChessBase"]
[SourceDate "2023.10.10"]
[SourceVersion "1"]
[SourceVersionDate "2023.10.10"]
[SourceQuality "1"]

1. e4 c5 2. Nf3 d6 3. Bb5+ Bd7 4. Bxd7+ Qxd7 5. c4 Nc6 6. d4 cxd4 7. Nxd4 g6 8. Nc3 Bg7 9. Be3 Nf6 10. h3 0-0 11. 0-0 Rac8 12. b3 a6 13. a4 Nb4 14. Rc1 Rc7 15. Nd5 Nbxd5 16. exd5 Rfc8 17. Qf3 e5 18. dxe6 fxe6 19. Rcd1 e5 20. Ne2 b5 21. cxb5 axb5 22. Bb6 Rc2 23. a5 e4 24. Qe3 Qf5 25. Nd4 Nd5 26. Nxf5 Nxe3 27. Nxe3 1-0